Купчая на купленный Анатолием Евграфовичем Молчановым дом с землей по реке Карповке (Санкт-Петербург)

Доступно только в Электронных читальных залах Найти на картеНа карте
RUSMARC
00003587nmc2a22002533x 450
001af2eca7b-b57f-4836-a09c-5b160d24289a
00520221107210319.0
100##$a20210930l19051905k l0rusy0189 ca
1010#$arus
102##$aRU
105##$ay###
1222#$ad
2001#$aКупчая на купленный Анатолием Евграфовичем Молчановым дом с землей по реке Карповке (Санкт-Петербург)
$j1905 г.
215##$a5 л.
$d36,5х26 см
251##$cДело
300##$aИмущественный материал
300##$aНотариальная копия
371##$aДокумент не является опубликованным и широко распространяемым
461#0$1001db61d72f-43f2-409f-8a83-e0351aa81d78
$12001
$aМолчанов Анатолий Евграфович (1856-1921)
$1251
$cФонд
$1852
$j678
462#0$10019dad07dd-c609-4d13-9b36-4e45395a7de5
$12001
$aМолчанов Анатолий Евграфович
$1251
$cОпись
$1852
$j1
801#0$aRU
$bРГИА
$c20210930
$gRCR
801#1$aRU
$bГлавНИВЦ
$c20210930
$2rusmarc
801#2$aRU
$bПБ им. Б.Н. Ельцина
$c20221107
$gRCR
$2rusmarc
850##$aРГИА
852##$aРГИА
$eФедеральное казенное учреждение "Российский государственный исторический архив" (РГИА)
$j1475
937##$hРГИА
$d12322897
$aASBIBLIO_SCAN
035##$aRusGRCC00046997
856##$uhttp://readingroom.main.prlib.ru/item.aspx?id_node=n180449932&mode=full
Формат отображения